Central Library OPAC University of Rajshahi

আরবী ইসলামী শিক্ষা বিস্তারে বৃহত্তর খুলনা জেলার আলিমগণের অবদান (১৯০৫-২০০০ খ্রী . ) / (Record no. 77924)

MARC details
000 -LEADER
fixed length control field 02349nam a2200313 a 4500
001 - CONTROL NUMBER
control field 77924
003 - CONTROL NUMBER IDENTIFIER
rucl marc code BD-RjUL
005 - DATE AND TIME OF LATEST TRANSACTION
control field 20211209083051.0
008 - FIXED-LENGTH DATA ELEMENTS--GENERAL INFORMATION
fixed length control field 210211s2008 bg a|||| m||| 00| 0 ben d
035 ## - SYSTEM CONTROL NUMBER
System control number (BD-RjUL)78150
040 ## - CATALOGING SOURCE
Original cataloging agency BD-RjUL
Language of cataloging ben /eng
Transcribing agency BD-RjUL
Modifying agency BD-RjUL
041 ## - LANGUAGE CODE
Language code of text/sound track or separate title ben
082 ## - DEWEY DECIMAL CLASSIFICATION NUMBER
Classification number 297.77095492
Author mark and year RAA 2008
Edition number 23
100 ## - MAIN ENTRY--PERSONAL NAME
Personal name রহমান, মোহাম্মাদ আজিবার
9 (RLIN) 244738
245 10 - TITLE STATEMENT
Title আরবী ইসলামী শিক্ষা বিস্তারে বৃহত্তর খুলনা জেলার আলিমগণের অবদান (১৯০৫-২০০০ খ্রী . ) /
Statement of responsibility, etc. মোহাম্মাদ আজিবার রহমান ;
Linkage গবেষণা তত্ত্বাবধায়ক : মো. আব্দুস সালাম
260 ## - PUBLICATION, DISTRIBUTION, ETC. (IMPRINT)
Place of publication, distribution, etc. রাজশাহী :
Name of publisher, distributor, etc. আরবী বিভাগ, রাজশাহী বিশ্ববিদ্যালয়,
Date of publication, distribution, etc. ২০০৮
300 ## - PHYSICAL DESCRIPTION
Pagination viii, ৪৭১ পাতা :
Illustrations চিএ ;
Size ২৯ সেমি.
502 ## - DISSERTATION NOTE
Dissertation note থিসিস (পিএইচ. ডি.) -- আরবী বিভাগ, রাজশাহী বিশ্ববিদ্যালয়, ২০০৮
504 ## - BIBLIOGRAPHY, ETC. NOTE
Bibliography, etc গ্রন্থপঞ্জি : পাতা ৪৫০-৪৭১
600 ## - SUBJECT ADDED ENTRY--PERSONAL NAME
General subdivision
650 ## - SUBJECT ADDED ENTRY--TOPICAL TERM
Topical term or geographic name as entry element ইসলামী ধর্মীয় শিক্ষা
Geographic subdivision বাংলাদেশ
-- বৃহত্তর খুলনা জেলা
Chronological subdivision ১৯০৫-২০০০ খ্রী.
9 (RLIN) 244739
Topical term or geographic name as entry element Islamic religious education
Geographic subdivision Bangladesh
-- Greater Khulna District
Chronological subdivision 1905-2000 A. D.
9 (RLIN) 244740
Topical term or geographic name as entry element শিক্ষা এবং রাষ্ট্র
Geographic subdivision বাংলাদেশ
-- বৃহত্তর খুলনা জেলা
Chronological subdivision ১৯০৫-২০০০ খ্রী.
9 (RLIN) 244772
Topical term or geographic name as entry element Education and state
Geographic subdivision Bangladesh
-- Greater Khulna District
Chronological subdivision 1905-2000 A. D.
9 (RLIN) 244773
Topical term or geographic name as entry element মাদ্রাসা
Geographic subdivision বাংলাদেশ
-- বৃহত্তর খুলনা জেলা
Chronological subdivision ১৯০৫-২০০০ খ্রী.
9 (RLIN) 244449
Topical term or geographic name as entry element Madrasahs
Geographic subdivision Bangladesh
-- Greater Khulna District
Chronological subdivision 1905-2000 A. D.
9 (RLIN) 119588
700 ## - ADDED ENTRY--PERSONAL NAME
Personal name সালাম, মো. আব্দুস, গবেষণা তত্ত্বাবধায়ক
942 ## - ADDED ENTRY ELEMENTS (KOHA)
Source of classification or shelving scheme Dewey Decimal Classification
Koha item type Theses
Holdings
Lost status Source of classification or shelving scheme Damaged status Not for loan Collection code Permanent Location Current Location Shelving location Date acquired Source of acquisition Total Checkouts Full call number Date last seen Copy number Koha item type
  Dewey Decimal Classification   Not For Loan Theses Central Library, University of Rajshahi Central Library, University of Rajshahi Documentation Section 16/08/2009 Controller of Exam., R.U.   BTHE 297.77095492 RAA 2008 11/02/2021 C-1 Theses